Normal view
MARC view
- Slavery
Entry Topical Term
001 - CONTROL NUMBER
- control field: 315839
003 - CONTROL NUMBER IDENTIFIER
- control field: KE-NaSUL
005 - DATE AND TIME OF LATEST TRANSACTION
- control field: 20250827104449.0
008 - FIXED-LENGTH DATA ELEMENTS
- fixed length control field: 250827|| aca||aabn | a|a d
040 ## - CATALOGING SOURCE
- Original cataloging agency: KE-NaSUL
- Transcribing agency: KE-NaSUL
150 ## - HEADING--TOPICAL TERM
- Topical term or geographic name as entry element: Slavery
- Geographic subdivision: Kentucky
- General subdivision: History
- Chronological subdivision: 19th century
670 ## - SOURCE DATA FOUND
- Source citation: Work cat.: (KE-NaSUL)274784: Bibb, Henry, b. 1815. 315838, The life and adventures of Henry Bibb, c2001.